00849 2200301 4500001002100000005001500021035002000036007000300056008004100059040001700100100001900117245010700136250001000243300002700253020002200280041000800302084001400310090001800324260003700342600001400379650001700393700003100410850001000441990002400451990002400475990002400499990002400523INLIS00000000000229220260603085605 a0010-0220000143ta260603 0  aSBPUPADbInd0 aAndroe Sudibyo1 aMemotret Jejak Ilahi :bMemaknai Sebuah Perjalanan Hidup /cAndroe Sudibyo, Editor, Th. Arie Prabawati aCet.5 a149 hlm. ;c14 x 21 cm a978-979-29-6307-60 aInd a158 AND m a158 AND m 2-5 aYogyakarta :bAndi Offset,c2017 4aPsikologi 4aCerita Hidup0 aEditor: Th. Arie Prabawati aPUPAD a33.322/DAK/DPK/2019 a33.320/DAK/DPK/2019 a33.319/DAK/DPK/2019 a33.321/DAK/DPK/2019